00438pab a2200169 454500008004000000100001700040245005000057260000900107300001300116362001200129650002000141650002200161650002900183650002100212700002200233773001300255180718b2001 xxu||||| |||| 00| 0 eng d aShyamasundar aRoad traffic accidents in India - an analysis c2001 ap.77-86. aJul-Sep aTraffic - India aAccidents - India aTransport safety - India aTransport safety aBhat, B. Jayarama aNagarlok